[Event "ODJM B 2017"]
[Site "Willingen GER"]
[Date "2017.06.10"]
[Round "9"]
[White "Seliokaite, Ana"]
[Black "Strohschneider, Leon"]
[Result "0-1"]
[Termination "normal"]
[Board "14"]
[WhiteElo "1283"]
[BlackElo "1302"]
[PlyCount "76"]
[WhiteFideId "16224817"]
[BlackFideId "16211634"]
[EventCountry "GER"]
[EventRounds "9"]
[EventType "swiss"]
[EventDate "2017.06.03"]

1. e4 d5 2. exd5 Qxd5 3. Nc3 Qd8 4. d4 Nf6 5. Nf3 Bg4 6. h3 Bxf3 7. Qxf3 c6 8.
Qd1 e6 9. Bg5 Be7 10. g3 Nbd7 11. Bg2 Nd5 12. Bd2 O-O 13. Ne4 N5f6 14. O-O Nxe4
15. Bxe4 Nf6 16. Bg2 Qxd4 17. Bc3 Qxd1 18. Raxd1 Nd5 19. Ba5 Rac8 20. c4 Nf6
21. b3 h6 22. f4 b6 23. Bc3 c5 24. Rfe1 g6 25. g4 Rcd8 26. Be5 Rxd1 27. Rxd1
Rd8 28. Bf3 Rxd1+ 29. Bxd1 Bd8 30. Bf3 Nd7 31. Bd6 g5 32. Kg2 Kg7 33. Kg3 f6
34. Bc6 Nf8 35. b4 cxb4 36. Bxb4 Bc7 37. Bd2 Ng6 38. Kf3 Bxf4 0-1

[Event "ODJM B 2017"]
[Site "Willingen GER"]
[Date "2017.06.10"]
[Round "9"]
[White "Trampnau, Jan-Niklas"]
[Black "Wagner, Margarethe"]
[Result "0-1"]
[Termination "normal"]
[Board "15"]
[WhiteElo "1141"]
[BlackElo "1293"]
[PlyCount "98"]
[WhiteFideId "16245156"]
[BlackFideId "16236947"]
[EventCountry "GER"]
[EventRounds "9"]
[EventType "swiss"]
[EventDate "2017.06.03"]

1. d4 Nf6 2. h3 e6 3. c4 b6 4. Bg5 Be7 5. Nf3 Bb7 6. e3 d6 7. Nc3 Nbd7 8. Be2
O-O 9. O-O Ne4 10. Bxe7 Qxe7 11. Nxe4 Bxe4 12. Bd3 Bxd3 13. Qxd3 c5 14. Rfd1
Nf6 15. dxc5 dxc5 16. Ne5 Rac8 17. Nd7 Rfd8 18. Nxf6+ Qxf6 19. Qc2 g6 20. Rac1
Kg7 21. Rxd8 Rxd8 22. Qc3 Qxc3 23. Rxc3 Rd2 24. Rb3 Rc2 25. Ra3 Rxb2 26. Rxa7
Rb4 27. Ra6 Kf6 28. a4 Rxc4 29. Rxb6 Rxa4 30. Rc6 Rc4 31. Kf1 Rc2 32. Rc7 c4
33. Ke1 c3 34. g3 h5 35. g4 h4 36. f4 Rh2 37. Rxc3 Rxh3 38. Kf2 Rg3 39. Rc1
Rxg4 40. Rh1 g5 41. fxg5+ Kxg5 42. Kf3 f5 43. Rh3 e5 44. Ke2 Rg3 45. Rh2 Kg4
46. Kf2 h3 47. Kf1 Rxe3 48. Rh1 Rg3 49. Rg1 Rxg1+ 0-1

[Event "ODJM B 2017"]
[Site "Willingen GER"]
[Date "2017.06.10"]
[Round "9"]
[White "Lorenz, Keana"]
[Black "König, Dominik"]
[Result "1-0"]
[Termination "normal"]
[Board "16"]
[WhiteElo "1270"]
[BlackElo "1150"]
[PlyCount "47"]
[WhiteFideId "12990248"]
[BlackFideId "16245148"]
[EventCountry "GER"]
[EventRounds "9"]
[EventType "swiss"]
[EventDate "2017.06.03"]

1. d4 e6 2. Nf3 d5 3. e3 Nf6 4. Bd3 Bd6 5. O-O Bd7 6. b3 c5 7. Bb2 Nc6 8. a3
Qc7 9. Nbd2 O-O-O 10. Rc1 cxd4 11. exd4 Ng4 12. g3 e5 13. dxe5 Ngxe5 14. Nxe5
Nxe5 15. Be2 h5 16. Bxh5 g6 17. Be2 g5 18. c4 d4 19. Bxd4 f6 20. b4 Bf5 21. c5
Bf8 22. b5 Rxd4 23. b6 axb6 24. cxb6 1-0

[Event "ODJM B 2017"]
[Site "Willingen GER"]
[Date "2017.06.10"]
[Round "9"]
[White "Duong, Nhat-Minh"]
[Black "Grimm, Nicola Marie"]
[Result "1/2-1/2"]
[Termination "normal"]
[Board "17"]
[WhiteElo "936"]
[BlackElo "1239"]
[PlyCount "50"]
[WhiteFideId "16245261"]
[BlackFideId "12988987"]
[EventCountry "GER"]
[EventRounds "9"]
[EventType "swiss"]
[EventDate "2017.06.03"]

1. e4 d5 2. exd5 Qxd5 3. Nc3 Qa5 4. d4 c6 5. Nf3 Bf5 6. Bd2 Qc7 7. Bc4 e6 8.
O-O Nf6 9. Re1 Be7 10. Qc1 Nbd7 11. Bf4 Bd6 12. Bxd6 Qxd6 13. Qd2 h6 14. d5
O-O-O 15. dxe6 Qxd2 16. Nxd2 Bxe6 17. Bxe6 fxe6 18. Rxe6 Nc5 19. Re2 Rd7 20.
Nde4 Ncxe4 21. Nxe4 Rhd8 22. Nc3 b5 23. a3 Nd5 24. Nxd5 Rxd5 25. g3 Rd2 1/2-1/2

[Event "ODJM B 2017"]
[Site "Willingen GER"]
[Date "2017.06.10"]
[Round "9"]
[White "Roth, Ludwig"]
[Black "Huppert, Anna"]
[Result "1-0"]
[Termination "normal"]
[Board "18"]
[WhiteElo "1425"]
[BlackElo "1383"]
[PlyCount "89"]
[WhiteFideId "12952621"]
[BlackFideId "16214439"]
[EventCountry "GER"]
[EventRounds "9"]
[EventType "swiss"]
[EventDate "2017.06.03"]

1. e4 e6 2. d3 d5 3. Nd2 Nf6 4. Ngf3 Nc6 5. c3 Be7 6. g3 O-O 7. e5 Nd7 8. d4 f6
9. Qe2 fxe5 10. dxe5 Qe8 11. h3 b6 12. Bg2 Bb7 13. O-O Rf7 14. Re1 Nf8 15. Nf1
Ng6 16. h4 h5 17. Ng5 Bxg5 18. Bxg5 Ngxe5 19. Qxh5 Rf5 20. Qe2 Bc8 21. f4 Nf7
22. Bh3 Rxg5 23. hxg5 e5 24. Bxc8 Rxc8 25. Qh5 Nh8 26. Qxe8+ Rxe8 27. Rad1 Ng6
28. Rxd5 Re7 29. f5 Nf8 30. Nd2 Nd7 31. Ne4 Kf7 32. Rf1 Ke8 33. f6 gxf6 34.
gxf6 Rf7 35. g4 Nf8 36. g5 Ng6 37. Kh2 Kf8 38. Kg3 Kg8 39. Kg4 Kh7 40. Rh1+ Kg8
41. Kf5 Nf4 42. Rdd1 Ne7+ 43. Kg4 Nc6 44. Rh6 Rf8 45. g6 1-0

[Event "ODJM B 2017"]
[Site "Willingen GER"]
[Date "2017.06.10"]
[Round "9"]
[White "Senechal, Niklas Bennett"]
[Black "Reuter, Marek"]
[Result "0-1"]
[Termination "normal"]
[Board "19"]
[WhiteElo "1399"]
[BlackElo "1649"]
[PlyCount "82"]
[WhiteFideId "16231180"]
[BlackFideId "16226712"]
[EventCountry "GER"]
[EventRounds "9"]
[EventType "swiss"]
[EventDate "2017.06.03"]

1. e4 c5 2. Nc3 Nc6 3. Bc4 g6 4. d3 Bg7 5. f4 e6 6. Nf3 Nge7 7. O-O O-O 8. Qe1
d5 9. Bb3 b6 10. e5 a6 11. a3 f6 12. exf6 Rxf6 13. Ng5 h6 14. Nf3 Qc7 15. Ba4
b5 16. Bb3 c4 17. dxc4 bxc4 18. Ba4 Rf8 19. Qh4 Nf5 20. Qf2 Ncd4 21. Re1 Qa7
22. Be3 Nxf3+ 23. gxf3 Nxe3 24. Kh1 Nf5 25. Qg2 Bxc3 26. bxc3 Kh7 27. Rg1 Qg7
28. Rab1 g5 29. Bc6 Ra7 30. fxg5 Nh4 31. Qh3 Nxf3 32. Rg3 Nxg5 33. Qh5 Qg6 34.
Qh4 Rf3 35. Rbg1 Rxg3 36. Rxg3 Qe4+ 37. Qxe4+ Nxe4 38. Rg1 Nxc3 39. Be8 Rg7 40.
Rf1 Ne2 41. Rf8 Rg1# 0-1

[Event "ODJM B 2017"]
[Site "Willingen GER"]
[Date "2017.06.10"]
[Round "9"]
[White "Frank, Marian"]
[Black "Bakalarz, Adrian"]
[Result "1-0"]
[Termination "normal"]
[Board "20"]
[WhiteElo "1343"]
[BlackElo "1039"]
[PlyCount "87"]
[WhiteFideId "16245059"]
[BlackFideId "12955809"]
[EventCountry "GER"]
[EventRounds "9"]
[EventType "swiss"]
[EventDate "2017.06.03"]

1. e4 d5 2. exd5 c6 3. Nc3 cxd5 4. d4 Nc6 5. Nf3 Bg4 6. Be2 Nf6 7. O-O e6 8.
Bf4 Be7 9. Qd2 O-O 10. Rac1 Qb6 11. Na4 Qb4 12. Qxb4 Bxb4 13. Rfd1 Rfe8 14. b3
Nh5 15. Bd2 Bxd2 16. Rxd2 e5 17. h3 Bxf3 18. Bxf3 Nf6 19. dxe5 Nxe5 20. Bxd5
Rad8 21. Rcd1 Nxd5 22. Rxd5 Rxd5 23. Rxd5 Ng6 24. Rd7 b5 25. Nc3 a6 26. Ra7 Re6
27. Ra8+ Nf8 28. Nd5 g6 29. Kf1 Kg7 30. Nb4 Nd7 31. Rxa6 Rxa6 32. Nxa6 Nb6 33.
Nc7 f5 34. Nxb5 Nd5 35. a4 Kf7 36. a5 Nb4 37. Nc7 Nc6 38. a6 Na7 39. c4 Nc6 40.
Nb5 Ke6 41. a7 Ke5 42. a8=Q Nb4 43. Qh8+ Ke4 44. Qd4# 1-0

[Event "ODJM B 2017"]
[Site "Willingen GER"]
[Date "2017.06.10"]
[Round "9"]
[White "Löding, Sarah-Marie"]
[Black "Hoffmann, Kay"]
[Result "0-1"]
[Termination "normal"]
[Board "21"]
[WhiteElo "1120"]
[BlackElo "1059"]
[PlyCount "80"]
[WhiteFideId "16245164"]
[BlackFideId "16227000"]
[EventCountry "GER"]
[EventRounds "9"]
[EventType "swiss"]
[EventDate "2017.06.03"]

1. d4 d5 2. Nc3 f5 3. Bf4 c6 4. e3 e6 5. Nf3 Nf6 6. Be2 Bd6 7. Ne5 O-O 8. O-O
Ne4 9. f3 Nf6 10. Bd3 Nh5 11. Ne2 g5 12. Bg3 Nxg3 13. Nxg3 f4 14. exf4 gxf4 15.
Ne2 Kh8 16. Qd2 Qg5 17. g3 Bxe5 18. dxe5 Qxe5 19. Nxf4 Qxb2 20. Nxe6 Bxe6 21.
Qh6 Qg7 22. Qxe6 Nd7 23. Qe3 Qe5 24. Qxe5+ Nxe5 25. Be2 Rae8 26. f4 Nd7 27. Bh5
Re7 28. g4 Nf6 29. Rae1 Rxe1 30. Rxe1 Nxh5 31. gxh5 Rxf4 32. Re8+ Kg7 33. Re7+
Rf7 34. Re5 Rd7 35. Re6 d4 36. Kf1 c5 37. Ke2 c4 38. Kd2 d3 39. c3 b5 40. a4 b4
0-1

[Event "ODJM B 2017"]
[Site "Willingen GER"]
[Date "2017.06.10"]
[Round "9"]
[White "Ljuca, Semir"]
[Black "Reyher, Bastian"]
[Result "1-0"]
[Termination "normal"]
[Board "22"]
[WhiteElo "1263"]
[BlackElo "1102"]
[PlyCount "47"]
[WhiteFideId "16216130"]
[BlackFideId "12927465"]
[EventCountry "GER"]
[EventRounds "9"]
[EventType "swiss"]
[EventDate "2017.06.03"]

1. e4 e5 2. d4 exd4 3. Qxd4 Nc6 4. Qe3 Nf6 5. Nc3 Bb4 6. Bd2 O-O 7. O-O-O Re8
8. Bd3 d5 9. Nge2 d4 10. Nxd4 Nxd4 11. Nd5 Bc5 12. Bc4 Nxe4 13. Rhe1 Nd6 14.
Nf6+ Qxf6 15. Qxe8+ Nxe8 16. Rxe8+ Bf8 17. Bb4 Qf4+ 18. Kb1 Ne6 19. Rdd8 Bd7
20. Rxf8+ Nxf8 21. Rxa8 h6 22. Rxf8+ Kh7 23. Bd3+ g6 24. Bc3 1-0

[Event "ODJM B 2017"]
[Site "Willingen GER"]
[Date "2017.06.10"]
[Round "9"]
[White "Schotthöfer, Samira"]
[Black "Schmidt, Pauline"]
[Result "0-1"]
[Termination "normal"]
[Board "23"]
[WhiteElo "1113"]
[BlackElo "1244"]
[PlyCount "92"]
[WhiteFideId "16243455"]
[BlackFideId "16209850"]
[EventCountry "GER"]
[EventRounds "9"]
[EventType "swiss"]
[EventDate "2017.06.03"]

1. e4 e5 2. Nf3 Nc6 3. Bc4 Bc5 4. c3 Nf6 5. d4 exd4 6. cxd4 Bb4+ 7. Bd2 Bxd2+
8. Nbxd2 d5 9. exd5 Nxd5 10. Qb3 Nce7 11. O-O O-O 12. Rfe1 c6 13. Ne4 Qb6 14.
Qxb6 Nxb6 15. Bd3 Bf5 16. Nc5 Bxd3 17. Nxd3 Nf5 18. Rad1 Nd5 19. Nc5 b6 20. Nb3
Rfe8 21. Re5 Nd6 22. h3 Nc4 23. Rxe8+ Rxe8 24. Rc1 b5 25. Rc2 Nb4 26. Rc1 Nd3
27. Rb1 Ndxb2 28. Nc5 Re2 29. Nb7 Nd3 30. Ra1 Nxf2 31. Nd8 Na5 32. Ne5 Rc2 33.
Ndxf7 Ne4 34. Nd8 Kf8 35. Ne6+ Kg8 36. Nf4 Rd2 37. Nf3 Rc2 38. Re1 Nd2 39. Nxd2
Rxd2 40. Re8+ Kf7 41. Rd8 Rxa2 42. Rd7+ Kf6 43. Rxa7 b4 44. Nh5+ Kg6 45. Nxg7
b3 46. Ne6 b2 0-1

[Event "ODJM B 2017"]
[Site "Willingen GER"]
[Date "2017.06.10"]
[Round "9"]
[White "Winterberg, Martin"]
[Black "Guo, Philipp Ziming"]
[Result "1/2-1/2"]
[Termination "normal"]
[Board "24"]
[WhiteElo "1207"]
[BlackElo "1070"]
[PlyCount "79"]
[WhiteFideId "16245091"]
[BlackFideId "16245199"]
[EventCountry "GER"]
[EventRounds "9"]
[EventType "swiss"]
[EventDate "2017.06.03"]

1. e4 e5 2. Nf3 Nc6 3. Bc4 Bc5 4. O-O Nf6 5. d4 exd4 6. e5 d5 7. exf6 dxc4 8.
fxg7 Rg8 9. Bg5 f6 10. Re1+ Kf7 11. Bh6 Be6 12. Ng5+ fxg5 13. Qh5+ Ke7 14.
Bxg5+ Kd7 15. Bxd8 Raxd8 16. Qxc5 Rxg7 17. g3 Rf7 18. Na3 Rdf8 19. Re2 b6 20.
Qg5 Rf5 21. Qh6 Bg8 22. Nxc4 Bxc4 23. Re4 Rxf2 24. Qg7+ Kc8 25. Qg4+ Kb7 26.
Rxd4 Nxd4 27. Qxd4 Ba6 28. Qxf2 Rxf2 29. Kxf2 Bc4 30. a3 Bd5 31. Ke3 Bf7 32.
Rf1 Bg6 33. c3 Ka6 34. h4 c5 35. g4 Be8 36. Rf8 Bd7 37. g5 Ba4 38. Kd3 Bd1 39.
Rh8 Bh5 40. Rxh7 1/2-1/2

[Event "ODJM B 2017"]
[Site "Willingen GER"]
[Date "2017.06.10"]
[Round "9"]
[White "Altgelt, Helene"]
[Black "Kiefhaber, Julius"]
[Result "1/2-1/2"]
[Termination "normal"]
[Board "26"]
[WhiteElo "985"]
[BlackElo "1187"]
[PlyCount "44"]
[WhiteFideId "16232020"]
[BlackFideId "16245121"]
[EventCountry "GER"]
[EventRounds "9"]
[EventType "swiss"]
[EventDate "2017.06.03"]

1. e4 c5 2. Nf3 g6 3. d4 cxd4 4. Nxd4 Bg7 5. Be3 Nf6 6. Nc3 O-O 7. Bc4 Nc6 8.
f3 d6 9. Qd2 Re8 10. g4 e5 11. Nxc6 bxc6 12. h4 Be6 13. Bxe6 fxe6 14. Bh6 Bh8
15. h5 Re7 16. hxg6 hxg6 17. Qg5 Qe8 18. O-O-O Rd8 19. Rd2 Rdd7 20. Rdh2 Nh7
21. Qh4 Bf6 22. Qh3 a6 1/2-1/2

[Event "ODJM B 2017"]
[Site "Willingen GER"]
[Date "2017.06.10"]
[Round "9"]
[White "Chouiki, Tarek"]
[Black "Frank, Cillian"]
[Result "0-1"]
[Termination "normal"]
[Board "27"]
[WhiteElo "1181"]
[BlackElo "1065"]
[PlyCount "86"]
[WhiteFideId "16212266"]
[BlackFideId "16245202"]
[EventCountry "GER"]
[EventRounds "9"]
[EventType "swiss"]
[EventDate "2017.06.03"]

1. e4 c5 2. Nf3 a6 3. a4 Nc6 4. Bc4 d6 5. O-O Nf6 6. Nc3 g6 7. d3 Bg7 8. Re1
Bg4 9. h3 Bxf3 10. Qxf3 O-O 11. Bf4 Qc7 12. Ne2 Rab8 13. c3 b5 14. axb5 axb5
15. Ba2 b4 16. Bd5 bxc3 17. bxc3 Nh5 18. Rac1 Rb2 19. d4 Qb6 20. Bxc6 Qxc6 21.
Ng3 Nxf4 22. Qxf4 cxd4 23. cxd4 Qb6 24. d5 e5 25. dxe6 fxe6 26. Qe3 Bd4 27. Rc6
Bxe3 28. Rxb6 Bxb6 29. Kh2 Bxf2 30. Rd1 Bxg3+ 31. Kxg3 Rb6 32. Kh2 Ra8 33. Rd2
d5 34. exd5 exd5 35. Rd1 d4 36. Rd2 d3 37. Rd1 d2 38. Kg1 Rc6 39. Kf2 Rc1 40.
Ke2 Rxd1 41. Kxd1 Kf7 42. g3 Ke6 43. g4 g5 0-1

[Event "ODJM B 2017"]
[Site "Willingen GER"]
[Date "2017.06.10"]
[Round "9"]
[White "Kobald, Pierre"]
[Black "Hoppstädter, Daniel"]
[Result "1-0"]
[Termination "normal"]
[Board "29"]
[WhiteElo "1287"]
[BlackElo "911"]
[PlyCount "45"]
[WhiteFideId "12983659"]
[BlackFideId "16243625"]
[EventCountry "GER"]
[EventRounds "9"]
[EventType "swiss"]
[EventDate "2017.06.03"]

1. e4 e5 2. Nf3 Nc6 3. Bc4 Nf6 4. Nc3 Bc5 5. O-O Nd4 6. Nxe5 O-O 7. Nf3 Re8 8.
Nxd4 Bxd4 9. d3 d6 10. Bg5 Bg4 11. Bxf6 Bxd1 12. Bxd8 Bh5 13. Bxc7 Be5 14. f4
Bd4+ 15. Kh1 Bc5 16. e5 b6 17. Bxb6 Bxb6 18. exd6 Rad8 19. d7 Re7 20. Bb5 Bg4
21. Rae1 Rxe1 22. Rxe1 h6 23. Re8+ 1-0

[Event "ODJM B 2017"]
[Site "Willingen GER"]
[Date "2017.06.10"]
[Round "9"]
[White "Wilmink, Luca"]
[Black "Bräutigam, Alexander"]
[Result "1/2-1/2"]
[Termination "normal"]
[Board "30"]
[WhiteElo "968"]
[BlackElo "1039"]
[PlyCount "41"]
[WhiteFideId "16245253"]
[BlackFideId "16245210"]
[EventCountry "GER"]
[EventRounds "9"]
[EventType "swiss"]
[EventDate "2017.06.03"]

1. e4 c5 2. Nf3 d6 3. d4 cxd4 4. Nxd4 Nf6 5. Nc3 a6 6. Bc4 Bd7 7. f3 Nc6 8. Be3
e6 9. Qd2 Be7 10. O-O-O b5 11. Bb3 Rb8 12. a3 Nxd4 13. Bxd4 a5 14. Be3 b4 15.
axb4 axb4 16. Ne2 Ra8 17. Kb1 Qa5 18. c3 bxc3 19. Nxc3 Rb8 20. Bc2 Qb4 21. b3
1/2-1/2

[Event "ODJM B 2017"]
[Site "Willingen GER"]
[Date "2017.06.10"]
[Round "9"]
[White "Lohrmann, Linus"]
[Black "Bendtschneider, Nils"]
[Result "1/2-1/2"]
[Termination "normal"]
[Board "31"]
[WhiteElo "1422"]
[BlackElo "1080"]
[PlyCount "50"]
[WhiteFideId "12982857"]
[BlackFideId "16245180"]
[EventCountry "GER"]
[EventRounds "9"]
[EventType "swiss"]
[EventDate "2017.06.03"]

1. e4 e5 2. Nf3 Nc6 3. d4 exd4 4. Bc4 Nf6 5. e5 d5 6. Bb5 Ne4 7. Qe2 Bd7 8.
Bxc6 bxc6 9. Nxd4 c5 10. Nb3 c4 11. Nd4 c5 12. f3 Qh4+ 13. g3 Nxg3 14. Qf2 cxd4
15. Qxg3 Qxg3+ 16. hxg3 Bb4+ 17. Bd2 Rb8 18. c3 dxc3 19. Nxc3 d4 20. Ne4 Bc6
21. O-O-O Bxe4 22. fxe4 c3 23. bxc3 Bxc3 24. Bxc3 dxc3 25. Rd3 O-O 1/2-1/2

[Event "ODJM B 2017"]
[Site "Willingen GER"]
[Date "2017.06.10"]
[Round "9"]
[White "Paeslack, Timo"]
[Black "Hierl, Johannes"]
[Result "1-0"]
[Termination "normal"]
[Board "32"]
[WhiteElo "1041"]
[BlackElo "1275"]
[PlyCount "27"]
[WhiteFideId "12993522"]
[BlackFideId "16235096"]
[EventCountry "GER"]
[EventRounds "9"]
[EventType "swiss"]
[EventDate "2017.06.03"]

1. e4 e5 2. Nf3 Nc6 3. Bc4 Nf6 4. Nc3 Nxe4 5. Nxe4 d5 6. Bxd5 Qxd5 7. d3 Bg4 8.
h3 Bh5 9. Bg5 Nd4 10. g4 Bg6 11. Nxd4 exd4 12. Qf3 Bb4+ 13. c3 dxc3 14. Nf6+
1-0

[Event "ODJM B 2017"]
[Site "Willingen GER"]
[Date "2017.06.10"]
[Round "9"]
[White "Robelly, David"]
[Black "Eichstaedt, Ina"]
[Result "1/2-1/2"]
[Termination "normal"]
[Board "33"]
[WhiteElo "1058"]
[BlackElo "1215"]
[PlyCount "68"]
[WhiteFideId "16236300"]
[BlackFideId "1270265"]
[EventCountry "GER"]
[EventRounds "9"]
[EventType "swiss"]
[EventDate "2017.06.03"]

1. e4 e5 2. Nf3 Nc6 3. d4 exd4 4. Bc4 Be7 5. c3 Na5 6. Bb3 Nxb3 7. Qxb3 dxc3 8.
Ne5 d5 9. exd5 f6 10. Nf3 cxb2 11. Bxb2 a6 12. Nc3 Bd6 13. O-O Ne7 14. Rfe1 O-O
15. Rad1 Rb8 16. a4 Bg4 17. Rd3 Re8 18. h3 Bh5 19. Nd4 Bf7 20. Ne6 Qc8 21. f4
Bxe6 22. dxe6 Bxf4 23. Rd7 Bd6 24. Ne4 b6 25. Nxd6 cxd6 26. Rc1 Nc6 27. Bxf6
Rb7 28. Rxc6 Qxc6 29. e7+ Kh8 30. Qf7 Qc1+ 31. Kh2 Qf4+ 32. Kg1 Qc1+ 33. Kf2
Qf4+ 34. Ke2 Qe4+ 1/2-1/2

[Event "ODJM B 2017"]
[Site "Willingen GER"]
[Date "2017.06.10"]
[Round "9"]
[White "Butenandt, Albrecht"]
[Black "Reichel, Sara"]
[Result "0-1"]
[Termination "normal"]
[Board "35"]
[WhiteElo "1031"]
[BlackElo "1154"]
[PlyCount "46"]
[WhiteFideId "16213424"]
[BlackFideId "16245130"]
[EventCountry "GER"]
[EventRounds "9"]
[EventType "swiss"]
[EventDate "2017.06.03"]

1. e4 c5 2. Nc3 g6 3. f4 Bg7 4. Nf3 Nc6 5. Bc4 e6 6. d3 Nge7 7. O-O O-O 8. Qe1
d5 9. exd5 exd5 10. Bb5 Nd4 11. Nxd4 Bxd4+ 12. Be3 a6 13. Bxd4 cxd4 14. Ba4
dxc3 15. Qxc3 b5 16. Bb3 Bb7 17. a4 Nf5 18. axb5 Ne3 19. Rf3 d4 20. Qc5 axb5
21. Rxa8 Qxa8 22. Rg3 Qa1+ 23. Kf2 Qf1# 0-1

[Event "ODJM B 2017"]
[Site "Willingen GER"]
[Date "2017.06.10"]
[Round "9"]
[White "Schulz, Paul"]
[Black "Kessen, Fanny"]
[Result "0-1"]
[Termination "normal"]
[Board "36"]
[WhiteElo "1001"]
[BlackElo "1213"]
[PlyCount "82"]
[WhiteFideId "16245237"]
[BlackFideId "16217357"]
[EventCountry "GER"]
[EventRounds "9"]
[EventType "swiss"]
[EventDate "2017.06.03"]

1. e4 c5 2. Nf3 Nc6 3. d4 cxd4 4. Nxd4 g6 5. Nc3 Bg7 6. Be3 Nf6 7. Be2 Qa5 8.
Nb3 Qc7 9. Qd2 O-O 10. Bh6 d6 11. Bxg7 Kxg7 12. O-O Be6 13. Rad1 a6 14. Nd5
Bxd5 15. exd5 Ne5 16. f4 Neg4 17. Bxg4 Nxg4 18. f5 Qb6+ 19. Qd4+ Qxd4+ 20. Rxd4
Ne3 21. Rf2 Nxf5 22. Rd3 Rac8 23. Nd4 Nxd4 24. Rxd4 Rc7 25. c4 b5 26. cxb5 Rc1+
27. Rf1 Rxf1+ 28. Kxf1 axb5 29. Rb4 Ra8 30. a3 Ra5 31. Ke2 Kf6 32. Re4 Ra4 33.
Rxa4 bxa4 34. Kd3 Ke5 35. Kc4 e6 36. dxe6 fxe6 37. b4 axb3 38. Kxb3 d5 39. Kc2
Kd6 40. a4 Kc6 41. Kc3 e5 0-1

[Event "ODJM B 2017"]
[Site "Willingen GER"]
[Date "2017.06.10"]
[Round "9"]
[White "Färber, Sophie"]
[Black "Ott, Linda"]
[Result "1-0"]
[Termination "normal"]
[Board "37"]
[WhiteElo "1093"]
[BlackElo "1075"]
[PlyCount "53"]
[WhiteFideId "16239121"]
[BlackFideId "12992453"]
[EventCountry "GER"]
[EventRounds "9"]
[EventType "swiss"]
[EventDate "2017.06.03"]

1. e4 e5 2. Nf3 Nc6 3. Bc4 Bc5 4. c3 Nf6 5. d4 exd4 6. cxd4 Bb4+ 7. Bd2 Nxe4 8.
Bxb4 Nxb4 9. Bxf7+ Kxf7 10. Qb3+ d5 11. Qxb4 Qe8 12. O-O Rf8 13. Re1 Kg8 14.
Nbd2 Bh3 15. Nxe4 dxe4 16. Qc4+ Kh8 17. Ne5 Be6 18. d5 Rf5 19. Rxe4 b5 20. Qb3
Bc8 21. Qc3 Qf8 22. Rf1 Qd8 23. Rd1 Qg5 24. Rd3 Rf6 25. Nf7+ Rxf7 26. Re8+ Rf8
27. Rxf8# 1-0

[Event "ODJM B 2017"]
[Site "Willingen GER"]
[Date "2017.06.10"]
[Round "9"]
[White "Ludwig, Lea"]
[Black "Schulz, Jonas"]
[Result "0-1"]
[Termination "normal"]
[Board "39"]
[WhiteElo "1251"]
[BlackElo "1120"]
[PlyCount "40"]
[WhiteFideId "16217381"]
[BlackFideId "16245172"]
[EventCountry "GER"]
[EventRounds "9"]
[EventType "swiss"]
[EventDate "2017.06.03"]

1. d4 d5 2. Nf3 Nc6 3. e3 Bf5 4. Be2 Nf6 5. a3 e6 6. c4 dxc4 7. Bxc4 Bd6 8. Nc3
e5 9. dxe5 Bxe5 10. Qxd8+ Rxd8 11. Nxe5 Nxe5 12. O-O Nxc4 13. Nb5 O-O 14. Nxc7
Bg4 15. Nb5 Nxb2 16. Bxb2 Be2 17. Rfe1 Bxb5 18. Bxf6 gxf6 19. Reb1 Bc6 20. a4
a6 0-1

[Event "ODJM B 2017"]
[Site "Willingen GER"]
[Date "2017.06.10"]
[Round "9"]
[White "Pham, Anh Tuan"]
[Black "de Veer, Mara"]
[Result "1-0"]
[Termination "normal"]
[Board "40"]
[WhiteElo "1017"]
[BlackElo "1052"]
[PlyCount "41"]
[WhiteFideId "16245229"]
[BlackFideId "16217349"]
[EventCountry "GER"]
[EventRounds "9"]
[EventType "swiss"]
[EventDate "2017.06.03"]

1. e4 c5 2. Nf3 d6 3. Nc3 Nf6 4. d3 e6 5. Bg5 Be7 6. Be2 O-O 7. O-O a6 8. a4
Bd7 9. Qd2 Re8 10. h3 Nc6 11. d4 cxd4 12. Nxd4 Nxd4 13. Qxd4 Rb8 14. Bxf6 Bxf6
15. Qxd6 Bc6 16. Qf4 Qd4 17. Bf3 b5 18. axb5 axb5 19. Rab1 b4 20. Ne2 Qe5 21.
Qxe5 1-0

[Event "ODJM B 2017"]
[Site "Willingen GER"]
[Date "2017.06.10"]
[Round "9"]
[White "Listing, Lara Marie"]
[Black "Guo, Jacob Tingshen"]
[Result "0-1"]
[Termination "normal"]
[Board "41"]
[WhiteElo "724"]
[BlackElo "971"]
[PlyCount "78"]
[WhiteFideId "16245300"]
[BlackFideId "16245245"]
[EventCountry "GER"]
[EventRounds "9"]
[EventType "swiss"]
[EventDate "2017.06.03"]

1. e4 e5 2. Nf3 Nc6 3. Bc4 Nf6 4. Nc3 Nxe4 5. Nxe4 d5 6. Bxd5 Qxd5 7. Nc3 Qd8
8. d3 Be7 9. O-O O-O 10. Bd2 Qd7 11. Qc1 Qg4 12. Re1 Qg6 13. Bg5 Bxg5 14. Nxg5
h6 15. Nf3 Bh3 16. g3 Qf6 17. Qd1 Bg4 18. Re3 Rfe8 19. Nd5 Qf5 20. Nxc7 Nd4 21.
Nxe8 Nxf3+ 22. Kf1 Nxh2+ 23. Ke1 Bxd1 24. Kxd1 Rxe8 25. Ke2 Ng4 26. Rf3 Qg5 27.
Rxf7 Kxf7 28. Rg1 e4 29. d4 Rd8 30. c3 b5 31. f3 exf3+ 32. Kxf3 Qf5+ 33. Ke2
Qf2+ 34. Kd3 Qxg1 35. a4 Qe3+ 36. Kc2 b4 37. cxb4 Rxd4 38. b5 Rd2+ 39. Kc1 Qe1#
0-1

[Event "ODJM B 2017"]
[Site "Willingen GER"]
[Date "2017.06.10"]
[Round "9"]
[White "Costa, Martina"]
[Black "Foos, Vanessa"]
[Result "0-1"]
[Termination "normal"]
[Board "42"]
[WhiteElo "854"]
[BlackElo "935"]
[PlyCount "116"]
[WhiteFideId "16241428"]
[BlackFideId "16245270"]
[EventCountry "GER"]
[EventRounds "9"]
[EventType "swiss"]
[EventDate "2017.06.03"]

1. e4 e5 2. Nf3 Nc6 3. Bc4 Bc5 4. d3 Nf6 5. Ng5 O-O 6. Nc3 d6 7. Bb5 Be6 8.
Bxc6 bxc6 9. O-O d5 10. Nxe6 fxe6 11. Bg5 h6 12. Bxf6 Rxf6 13. Na4 Bd4 14. c3
Bb6 15. Nxb6 cxb6 16. d4 exd4 17. Qxd4 dxe4 18. Qxe4 Qd2 19. Qxc6 Raf8 20. f3
e5 21. Qc4+ Kh8 22. Rf2 Qe3 23. Qe2 Qc5 24. b4 Qxc3 25. Rb1 Rd6 26. Rd1 Rxd1+
27. Qxd1 Rc8 28. Qd2 Qd4 29. h3 Rc4 30. a3 Rc3 31. Qxd4 exd4 32. Rd2 Rc4 33. g4
g5 34. Kf2 Rc3 35. Rxd4 Rxa3 36. Rd8+ Kg7 37. Rd7+ Kf6 38. Rd6+ Ke7 39. Rxh6
Kd7 40. Rh7+ Kc6 41. Re7 a5 42. bxa5 bxa5 43. Re5 a4 44. Rxg5 Ra2+ 45. Ke3 a3
46. Rg6+ Kd7 47. Ra6 Ra1 48. g5 a2 49. g6 Re1+ 50. Kd2 a1=Q 51. Rxa1 Rxa1 52.
g7 Ra8 53. Kd3 Rg8 54. h4 Rxg7 55. h5 Rh7 56. Ke4 Rxh5 57. f4 Ke6 58. f5+ Rxf5
0-1